000 00430nam a2200145 a 4500
005 20140414132120.0
008 120822s19uu xx 00 eng d
050 _aTR 372.3044
_bM426 200_
245 _aMathematics Teacher aids.
260 _aHunt Valley, Maryland :
_bCalvert School,
_c200_.
300 _a160
650 _aMathematics-vocabulary.
650 _aMathematics-art activities.
_xMathematics-games.
999 _c115036
_d115036